000 00564nab a2200145Ia 4500
003 ES-SlBCS
005 20210601123737.0
008 140529s2002 xxu||||| |||| 00| 0 spa d
041 _aspa
110 2 _aGrupo de Estudios de Historia Rural
_9128657
245 0 0 _aPolítica forestal y producción de los montes públicos españoles. Una visión de conjunto, 1861-1933
_cGRUPO DE ESTUDIOS DE HISTORIA RURAL
650 0 4 _aPolítica Forestal-1861 a 1933
_9128659
773 0 _tRevista de Historia Economica
_gvol. 20, nº. 3, 2002, págs. 509-542
_wRev701
942 _cAR
999 _c503063
_d503063